Pokémon - Les attaques de Ama-Ama - Statistiques

Statistiques générales
  • Ce quiz a été pris 24 fois
  • Le résultat moyen est 11 sur 16
Statistiques - réponses
Niveaux Types Noms des attaques % Correct
Départ Normal Charge
100%
Niveau 25 Roche Éboulement
100%
Niveau 5 Roche Jet-Pierres
92%
Niveau 55 Acier Tête de Fer
92%
Niveau 50 Acier Mur de Fer
85%
Niveau 70 Normal Damoclès
77%
Niveau 65 Roche Piège de Roc
77%
Niveau 45 Électrique Vol Magnétik
77%
Niveau 35 Acier Allègement
62%
Départ Normal Armure
62%
Niveau 60 Normal Bélier
62%
Niveau 30 Roche Garde Large
62%
Niveau 10 Normal Abri
54%
Niveau 40 Roche Boule Roc
54%
Niveau 15 Normal Écrasement
54%
Niveau 20 Normal Barrage
0%
Aucun quiz correspondant
Distribution des résultats
% des personnes avec chaque résultat
Percentile par nombre de réponses
Votre historique - résultats
Vous n’avez pas pris ce quiz